comparison the effect of difference fertilizers on bunching onion in crop station royal university of agriculture (ការប្រៀបធៀបឥទ្ធិពលជីផ្សេងៗគ្នាលើដំណាំខ្ទឹមស្លឹកនៅស្តានីយ៍ពិសោធន៍ដំណាំសាកលវីទ្យាល័យភូមិន្ទកសិកម្ម) (Record no. 1378)

000 -LEADER
fixed length control field 00763nam a22001337a 4500
040 ## - CATALOGING SOURCE
Transcribing agency RUA
082 ## - DEWEY DECIMAL CLASSIFICATION NUMBER
Classification number AGR ROU 2013 B053 Or.1
100 ## - MAIN ENTRY--AUTHOR NAME
Personal name ROURN, ROMPHEUY.
245 ## - TITLE STATEMENT
Title comparison the effect of difference fertilizers on bunching onion in crop station royal university of agriculture (ការប្រៀបធៀបឥទ្ធិពលជីផ្សេងៗគ្នាលើដំណាំខ្ទឹមស្លឹកនៅស្តានីយ៍ពិសោធន៍ដំណាំសាកលវីទ្យាល័យភូមិន្ទកសិកម្ម)
260 ## - PUBLICATION, DISTRIBUTION, ETC. (IMPRINT)
Place of publication Phnom Penh
Name of publisher RUA
Year of publication 2013
300 ## - PHYSICAL DESCRIPTION
Number of Pages xii, 42p.
Other physical details ill.
Dimensions 29cm.
856 ## - ELECTRONIC LOCATION AND ACCESS
Uniform Resource Identifier https://drive.google.com/file/d/11A10usptuQe_Ijad_BJXJbLaWPU6Moc0/view?usp=sharing
942 ## - ADDED ENTRY ELEMENTS (KOHA)
Koha item type AGR
952 ## - LOCATION AND ITEM INFORMATION (KOHA)
Withdrawn status [LOCAL, KOHA] 0
952 ## - LOCATION AND ITEM INFORMATION (KOHA)
Withdrawn status [LOCAL, KOHA] 0
952 ## - LOCATION AND ITEM INFORMATION (KOHA)
Withdrawn status [LOCAL, KOHA] 0
952 ## - LOCATION AND ITEM INFORMATION (KOHA)
Withdrawn status [LOCAL, KOHA] 0
952 ## - LOCATION AND ITEM INFORMATION (KOHA)
Withdrawn status [LOCAL, KOHA] 0
952 ## - LOCATION AND ITEM INFORMATION (KOHA)
Withdrawn status [LOCAL, KOHA] 0
952 ## - LOCATION AND ITEM INFORMATION (KOHA)
Withdrawn status [LOCAL, KOHA] 0
952 ## - LOCATION AND ITEM INFORMATION (KOHA)
Withdrawn status [LOCAL, KOHA] 0
952 ## - LOCATION AND ITEM INFORMATION (KOHA)
Withdrawn status [LOCAL, KOHA] 0
952 ## - LOCATION AND ITEM INFORMATION (KOHA)
Withdrawn status [LOCAL, KOHA] 0
Holdings
Permanent Location Date acquired Koha item type Lost status Shelving location Barcode Current Location Full call number
Library Block B2015-09-28AGR B053RUA004758Library Block BAGR ROU 2013 B053 Or.1
Library Block B2015-09-28AGR B053RUA004975Library Block BAGR ROU 2013 B053 Or.2
Library Block B2015-09-28AGR B053RUA004833Library Block BAGR ROU 2013 B053 Or.3
Library Block B2015-09-28AGR B053RUA004977Library Block BAGR ROU 2013 B053 Or.4
Library Block B2015-09-28AGR B053RUA004913Library Block BAGR ROU 2013 B053 Or.5
Library Block B2015-09-28AGR B053RUA004542Library Block BAGR ROU 2013 B053 Or.6
Library Block B2015-09-28AGR B053RUA006222Library Block BAGR ROU 2013 B053 Or.7
Library Block B2015-09-28AGR  RUA019833Library Block BAGR ROU 2013 B053 Or.8
Library Block B2022-10-24AGR B053a41897Library Block BAGR ROU 2013 B053 Or.9
Library Block B2022-10-24AGR B053a41541Library Block BAGR ROU 2013 B053 Or.10
មជ្ឈមណ្ឌលឯការនៃសាកលវិទ្យាល័យភូមិន្ទកសិកម្មចំការដូង

Powered by Koha